|
|
|
|
| LEADER |
00740nab a2200181 i 4500 |
| 001 |
acta1854 |
| 005 |
20210420155627.0 |
| 008 |
161015s2004 hu o 0|| fre d |
| 022 |
|
|
|a 0567-8099
|
| 040 |
|
|
|a SZTE Egyetemi Kiadványok Repozitórium
|b hun
|
| 041 |
|
|
|a fre
|
| 100 |
1 |
|
|a Majorossy Imre Gábor
|
| 245 |
1 |
0 |
|a Problémes moraux dans la novas de la Reine Esther
|h [elektronikus dokumentum] /
|c Majorossy Imre Gábor
|
| 260 |
|
|
|c 2004
|
| 300 |
|
|
|a 95-101
|
| 490 |
0 |
|
|a Acta Universitatis Szegediensis de Attila József Nominatae : acta romanica
|v 23
|
| 695 |
|
|
|a Irodalomtudomány - tanulmány, Ószövetség - bibliamagyarázat - zsidó, Eszter könyve
|
| 856 |
4 |
0 |
|u http://acta.bibl.u-szeged.hu/1854/1/romanica_023_095-101.pdf
|z Dokumentum-elérés
|